| 000 | 00675nam a22001937a 4500 | ||
|---|---|---|---|
| 003 | OSt | ||
| 005 | 20140310182819.0 | ||
| 008 | 130304t xxu||||| |||| 00| 0 eng d | ||
| 020 | _a0439135168 | ||
| 050 |
_aLB 1141 _b.K96 2000 |
||
| 100 | _aKurstedy, Rosanne et.al. | ||
| 245 |
_aTeaching writing with picture books as models : _b lessons and strategies for using the power of picture books to teach the elements of great writing in the upper grades / _cRosanne Kurstedt and Maria Koutras |
||
| 260 |
_aNew York ; _bScholastic Professional Books, _c2000. |
||
| 300 |
_a128 p. : _c28 cm. _bill. ; |
||
| 521 | _aEDU | ||
| 562 | _e1 | ||
| 942 |
_2lcc _cBK _kFOR |
||
| 999 |
_c16353 _d16353 |
||